Statistics for British Isles Map

Click here to take the quiz!

General Stats

  • This quiz has been taken 140 times
    (120 since last reset)
  • The average score is 21 of 50

Answer Stats

Islands % Correct
Isle of {Man}
98%
Isle of {Wight}
93%
{Mainland} (Shetland)
89%
{Mainland} (Orkney)
89%
Anglesey
83%
Skye
80%
Ireland
76%
Mull
72%
{Lewis} and {Harris}
70%
Great {Britain}
69%
Arran
65%
Islay
57%
North {Uist}
56%
South {Uist}
56%
Jura
52%
Barra
50%
{Holy} Island
50%
Bute
50%
Benbecula
46%
Isle of {Sheppey}
44%
Unst
43%
Eigg
41%
Rùm
41%
Yell
39%
Colonsay
39%
Tiree
37%
Raasay
35%
Westray
33%
Coll
33%
Hoy
33%
South {Ronaldsay}
31%
{Achill} Island
28%
Sanday
26%
Lismore
26%
Fetlar
24%
{Hayling} Island
22%
Ulva
22%
{Portsea} Island
20%
{Foulness} Island
20%
Bressay
20%
Stronsay
20%
Whalsay
20%
Great {Bernera}
19%
Shapinsay
17%
Scalpay
17%
Rousay
17%
Eday
15%
Inis Mór
15%
{Valentia} Island
11%
Gorumna
6%

Score Distribution

Percentile by Number Answered

Percent of People with Each Score

Your Score History

You have not taken this quiz since the last reset